Estuarine science : a synthetic approach to research and practice /

Estuaries are the point of convergence for almost the entire array of coastal and ocean environmental issues. Management of these rapidly changing environments requires a whole-system perspective that includes integration of all available knowledge of the ecology, chemistry, and physics of estuaries...

Full description

Bibliographic Details
Other Authors: Hobbie, John E.
Format: Book
Language:English
Published: Washington, D.C. : Island Press, [2000]
Subjects:
Online Access:Publisher description

MARC

Tag First Indicator Second Indicator Subfields
LEADER 00000cam a22000004i 4500
001 in00004807921
008 991014s2000 dcua b 001 0 eng
005 20240807182958.8
010 |a  99053797  
035 |a (OCoLC)ocm42690193  
040 |a DLC  |b eng  |e rda  |c DLC  |d UKM  |d C#P  |d MUQ  |d BAKER  |d IG#  |d BTCTA  |d YDXCP  |d STF  |d DEBBG  |d EXW  |d BDX  |d OCLCF  |d OCLCO  |d OCLCQ  |d CSO  |d OCLCO  |d XFF  |d OCLCO  |d OCLCQ  |d OCLCA  |d WOV  |d ZAP  |d OCLCQ  |d FB3  |d OCLCQ  |d AU@  |d OCLCO  |d OCLCQ  |d OCLCO  |d AGL  |d OCLCL 
015 |a GBA0Y1040  |2 bnb 
019 |a 1022644773 
020 |a 1559636998  |q (acid-free paper) 
020 |a 9781559636995  |q (acid-free paper) 
020 |a 1559637005  |q (pbk. ;  |q acid-free paper) 
020 |a 9781559637008  |q (pbk. ;  |q acid-free paper) 
029 1 |a AU@  |b 000021106845 
029 1 |a AU@  |b 000021475412 
029 1 |a DEBBG  |b BV013870876 
029 1 |a IG#  |b 1559636998 
029 1 |a IG#  |b 1559637005 
029 1 |a NLGGC  |b 188485090 
029 1 |a NZ1  |b 5400141 
029 1 |a YDXCP  |b 1587941 
029 1 |a YDXCP  |b 1587942 
035 |a (OCoLC)42690193  |z (OCoLC)1022644773 
042 |a pcc 
050 0 0 |a GC97  |b .E785 2000 
070 0 |a GC97  |b .E785 2000 
082 0 0 |a 551.46/09  |2 21 
084 |a GEO 313f  |2 stub 
084 |a GEO 325f  |2 stub 
049 |a MAIN 
245 0 0 |a Estuarine science :  |b a synthetic approach to research and practice /  |c edited by John Hobbie. 
264 1 |a Washington, D.C. :  |b Island Press,  |c [2000] 
264 4 |c ©2000 
300 |a xi, 539 pages :  |b illustrations ;  |c 24 cm 
336 |a text  |b txt  |2 rdacontent 
337 |a unmediated  |b n  |2 rdamedia 
338 |a volume  |b nc  |2 rdacarrier 
504 |a Includes bibliographical references and index. 
505 0 0 |t Estuarine Science: The Key to Progress in Coastal Ecological Research /  |r John E. Hobbie --  |t Drainage Basin Synthetic Studies --  |t Some Approaches for Assessing Human Influences on Fluxes of Nitrogen and Organic Carbon to Estuaries /  |r Robert W. Howarth, Norbert Jaworski, Dennis Swaney, Alan Townsend, Gilles Billen --  |t Macro-scale Models of Water and Nutrient Flux to the Coastal Zone /  |r Charles J. Vorosmarty, Bruce J. Peterson --  |t Synthesizing Drainage Basin Inputs to Coastal Systems /  |r Thomas R. Fisher, David Correll, Robert Costanza, James T. Hollibaugh, Charles S. Hopkinson Jr., Robert W. Howarth, Nancy N. Rabalais, Jeffrey E. Richey, Charles J. Vorosmarty, Richard Wiegert --  |t Coupling of Physics and Ecology --  |t Effects of Sea-level Anomalies on Estuarine Processes /  |r James T. Morris --  |t Modeling for Estuarine Synthesis /  |r Eileen E. Hofmann --  |t An Ecological Perspective on Estuarine Classification /  |r David A. Jay, W. Rockwell Geyer, David R. Montgomery --  |t Interaction Between Physical Processes and Ecosystem Structure: A Comparative Approach /  |r W. Rockwell Geyer, James T. Morris, Frederick G. Prahl, David A. Jay --  |t Linking Biogeochemical Processes and Food Webs --  |t Scaling Up: Site-specific Measurements to Global-scale Estimates of Denitrification /  |r Sybil P. Seitzinger --  |t Gulf of Mexico Biological System Responses to Nutrient Changes in the Mississippi River /  |r Nancy N. Rabalais, R. Eugene Turner, Dubravko Justic, Quay Dortch, William J. Wiseman Jr., Barun K. Sen Gupta. 
520 |a Estuaries are the point of convergence for almost the entire array of coastal and ocean environmental issues. Management of these rapidly changing environments requires a whole-system perspective that includes integration of all available knowledge of the ecology, chemistry, and physics of estuaries. Yet estuarine research has been primarily short-term and site-specific, providing few insights that can be generalized and applied to a broader understanding of these complex ecosystems. Estuarine Science addresses that problem by presenting examples of synthetic approaches to estuarine science. Leading scientists -- including Donald F. Boesch, W. Rockwell Geyer, Nancy Rabalais, Charles A. Simenstad, and many others -- offer twelve chapters that report on different types of ecological synthesis and summarize the current state of scientific knowledge. 
590 |b TAG Physical Holdings 2 
650 0 |a Estuarine oceanography.  |0 http://id.loc.gov/authorities/subjects/sh85045040 
650 0 |a Estuarine ecology.  |0 http://id.loc.gov/authorities/subjects/sh85045034 
650 6 |a Océanographie des estuaires. 
650 6 |a Écologie des estuaires. 
650 7 |a Estuarine ecology.  |2 fast  |0 (OCoLC)fst00915685 
650 7 |a Estuarine oceanography.  |2 fast  |0 (OCoLC)fst00915704 
650 7 |a Hydrologie  |2 gnd 
650 7 |a Ästuar  |2 gnd 
700 1 |a Hobbie, John E. 
758 |i has work:  |a Estuarine science (Text)  |1 https://id.oclc.org/worldcat/entity/E39PCYTTR3Jx7RqmMWdRHWV4hd  |4 https://id.oclc.org/worldcat/ontology/hasWork 
776 0 8 |i Online version:  |t Estuarine science.  |d Washington, D.C. : Island Press, ©2000  |w (OCoLC)648398095 
856 4 2 |3 Publisher description  |u http://catdir.loc.gov/catdir/enhancements/fy0666/99053797-d.html  |t 0 
938 |a Baker & Taylor  |b BKTY  |c 70.00  |d 70.00  |i 1559636998  |n 0003331997  |s active 
938 |a Baker & Taylor  |b BKTY  |c 45.00  |d 45.00  |i 1559637005  |n 0003331998  |s active 
938 |a Brodart  |b BROD  |n 54231965  |c $45.00 
938 |a Baker and Taylor  |b BTCP  |n 99053797 
938 |a Ingram  |b INGR  |n 9781559637008 
938 |a YBP Library Services  |b YANK  |n 1587942 
994 |a 92  |b TAG 
852 |a TAG  |b TAGC  |c galv,stk  |h GC97 .E785 2000  |t c.1 
876 |c 48.00  |p 33620000945796  |x acc#2001-82  |v unmediated -- volume 
999 f f |s 40bdc1bc-e028-4fad-b82e-0e01a00fb9a7  |i b7f4747c-52f0-4573-9cc5-9e3e161031ef  |t 0 
952 f f |p normal  |a Texas A&M University  |b Galveston Campus  |c Jack K. Williams Library  |d Galveston Stacks  |t 0  |e GC97 .E785 2000  |h Library of Congress classification  |i unmediated -- volume  |m 33620000945796 
998 f f |a GC97 .E785 2000  |t 0  |l Galveston Stacks